Η ομήλικη κοινωνικότητα εντός και εκτός της σχολικής αυλής : ιδιώματα της νεότητας και της μαθητικής ιδιότητας στην κεντρική Λέσβο : διπλωματική εργασία ειδίκευσης
Αποθηκεύτηκε σε:
| Κύριος συγγραφέας: | |
|---|---|
| Συγγραφή απο Οργανισμό/Αρχή: | |
| Άλλοι συγγραφείς: | |
| Μορφή: | Thesis Βιβλίο |
| Γλώσσα: | Greek |
| Δημοσίευση: |
2011
|
| Θέματα: | |
| Διαθέσιμο Online: | http://hdl.handle.net/11610/14509 |
| Ετικέτες: |
Προσθήκη ετικέτας
Δεν υπάρχουν, Καταχωρήστε ετικέτα πρώτοι!
|
MARC
| LEADER | 00000cam a2200000 i 4500 | ||
|---|---|---|---|
| 001 | 1/15002 | ||
| 008 | 110912s2011 gre d | ||
| 035 | |l 10110800 | ||
| 040 | |a GR-MY-UA |b gre |e aacr | ||
| 041 | 0 | |a gre | |
| 082 | 0 | |a 371 |2 (22) | |
| 100 | 1 | |a Παπαδοπούλου, Μιχαέλα Νικ. | |
| 245 | 1 | 2 | |a Η ομήλικη κοινωνικότητα εντός και εκτός της σχολικής αυλής : |b ιδιώματα της νεότητας και της μαθητικής ιδιότητας στην κεντρική Λέσβο : διπλωματική εργασία ειδίκευσης / |c μεταπτυχιακή φοιτήτρια: Παπαδοπούλου Μιχαέλα ; επιβλέπουσα καθηγήτρια: Έφη Πλεξουσάκη |
| 260 | |c 2011 | ||
| 300 | |a 124 σ.; |c 30 εκ. | ||
| 500 | |a Βιβλιογραφία: σ. 117-124 | ||
| 502 | |a Διατριβή (μεταπτυχιακή) – Πανεπιστήμιο Αιγαίου, Λέσβος, 2011. | ||
| 650 | 0 | 0 | |a School children |x Psychology. |
| 650 | 0 | 0 | |a Schools |z Greece |z Lesbos (Municipality) |
| 650 | 0 | 0 | |a Teachers |x Attitudes |x Case studies. |
| 650 | 0 | 0 | |a Dissertations, Academic |z Greece. |
| 700 | 1 | |4 ths |a Πλεξουσάκη, Έφη. | |
| 710 | 2 | |a Πανεπιστήμιο Αιγαίου. |b Σχολή Κοινωνικών Επιστημών. |b Τμήμα Κοινωνικής Ανθρωπολογίας και Ιστορίας. |b Πρόγραμμα Μεταπτυχιακών Σπουδών Κοινωνική και Ιστορική Ανθρωπολογία. | |
| 852 | |a INST |b LESVOS |c DIATR |e 20110912 |h 173 |p 005100051635 |q 005100051635 |t MTXE |y 23 | ||
| 852 | |a INST |b LESVOS |c DIATR |e 20110912 |h 174 |p 005100051634 |q 005100051634 |t MTXE |y 23 | ||
| 856 | |u http://hdl.handle.net/11610/14509 | ||
| 901 | |a BIBL1-2011-3 | ||
| 909 | |a Λ |b 171519 | ||
| 909 | |a Λ |b 171520 | ||
| 924 | |a ΠΑΠΑΔΟΠΟΥΛΟΥ |b ΜΙΧΑΕΛΑ |y ΛΕΣΒΟΣ |z 2011-02 | ||
| 970 | |a ΤΖΑΦΕΡΗ |b ΕΥΑΓΓΕΛΙΑ |z 2011/09/12 | ||